| 000 | 01387 a2200241 4500 | ||
|---|---|---|---|
| 003 | Nust | ||
| 005 | 20230509121455.0 | ||
| 010 | _a 84015425 | ||
| 020 | _a007049164X (pbk.) : | ||
| 040 | _cNust | ||
| 082 | 0 | 0 | _a001.642,PEC |
| 100 | 1 |
_aPeckham, Herbert D. _9112229 |
|
| 245 | 1 | 0 |
_aHands-on BASIC for the DEC professional / _cHerbert Peckham with Wade Ellis, Jr., and Ed Lodi. |
| 260 |
_aNew York : _bMcGraw-Hill, _cc1985. |
||
| 300 |
_axiii, 333 p. ; _c24 cm. |
||
| 440 | 2 |
_aA Computer literacy book _9112230 |
|
| 505 | _aIntroduction to Computers and Basic (Page-5), Getting Acquainted with your Dec Professional (Page-9), Introduction to Basic (Page-19), Graphics (Page-39), Computer Arithmetic and Program Management (Page-53), Input, Output, and Simple Applications (Page-71), Decisions, Branching and Applications (Page-103), Looping and Functions (Page-133), Working with Collections of Numbers (Page-161), String Variables (Page-191), Do-It- Yourself Functions of Numbers (Page-161), String Variables (Page-191), Do-It-Yourself Functions and Subroutines (Page-211), Random Numbers and Simulations (Page-233), Files (Page-12), Advanced Graphics (Page-267). | ||
| 650 | 0 |
_aBASIC (Computer program language) _9783 |
|
| 650 | 0 |
_aDEC Professional 350 (Computer) _xProgramming. _9112231 |
|
| 700 | 1 |
_aEllis, Wade. _9112232 |
|
| 700 | 1 |
_aLodi, Ed. _9112233 |
|
| 942 |
_2ddc _cBKB |
||
| 999 |
_c174888 _d174888 |
||